[Event "IRI-chT 18th"]
[Site "Tehran"]
[Date "2019.11.24"]
[Round "3.2"]
[White "Sebt Rasoul, Seyede Setare"]
[Black "Asadi, Motahare"]
[Result "1-0"]
[WhiteElo "2068"]
[BlackElo "2232"]
[PlyCount "89"]
[EventDate "2019.11.23"]
[EventType "team-tourn"]
[EventRounds "9"]
[EventCountry "IRI"]
[SourceTitle "CBM 193 Extra"]
[Source "ChessBase"]
[SourceDate "2020.01.31"]
[SourceVersion "1"]
[SourceVersionDate "2020.01.31"]
[SourceQuality "1"]
[WhiteTeam "Hamedan"]
[BlackTeam "Persepolis Iran"]
[WhiteTeamCountry "IRI"]
[BlackTeamCountry "IRI"]

1. e4 c5 2. Nf3 d6 3. d4 cxd4 4. Nxd4 Nf6 5. Nc3 Nc6 6. f3 e6 7. Be3 a6 8. Qd2 Bd7 9. g4 h6 10. 0-0-0 b5 11. Nxc6 Bxc6 12. Kb1 Qc7 13. Bd4 b4 14. Bxf6 gxf6 15. Ne2 d5 16. Ng3 Qa5 17. Bg2 0-0-0 18. f4 Be7 19. Qe2 d4 20. e5 Bxg2 21. Qxg2 Kb8 22. Qe4 Qc5 23. Ne2 fxe5 24. fxe5 Rd5 25. Rxd4 Rhd8 26. Rhd1 Qc6 27. Rxd5 Rxd5 28. Rxd5 exd5 29. Qf4 Bg5 30. Qxb4+ Ka7 31. Qd4+ Kb8 32. Nc3 Qc4 33. Qxd5 Qf1+ 34. Qd1 Qxd1+ 35. Nxd1 Bf4 36. h3 Kc7 37. c4 a5 38. Kc2 Kc6 39. Kd3 Bxe5 40. Ke4 Bg7 41. b3 Kc5 42. Ne3 Kb4 43. Kd5 Bf8 44. Nc2+ Kc3 45. Nd4 1-0

[Event "Ordu op 4th"]
[Site "Ordu"]
[Date "2018.04.10"]
[Round "2"]
[White "Gucin, Zafer"]
[Black "Sebt Rasoul, Seyede Setare"]
[Result "0-1"]
[WhiteElo "2019"]
[BlackElo "1960"]
[PlyCount "62"]
[EventDate "2018.04.10"]
[EventType "swiss"]
[EventRounds "9"]
[EventCountry "TUR"]
[SourceTitle "CBM 183 Extra"]
[Source "ChessBase"]
[SourceDate "2018.04.19"]
[SourceVersion "1"]
[SourceVersionDate "2018.04.19"]
[SourceQuality "1"]

1. d4 Nf6 2. c4 g6 3. Nc3 Bg7 4. g3 0-0 5. Bg2 d6 6. Nf3 Nc6 7. 0-0 e5 8. d5 Ne7 9. e4 Nd7 10. Ne1 f5 11. Nd3 fxe4 12. Nxe4 Nf6 13. Bg5 Nxe4 14. Bxe4 Bh3 15. Re1 Qd7 16. Bd2 Nf5 17. Bc3 Qf7 18. f4 Nd4 19. fxe5 dxe5 20. Bxd4 exd4 21. Nf4 Qd7 22. c5 Rae8 23. c6 bxc6 24. dxc6 Qc8 25. Qb3+ Kh8 26. Qb7 Qg4 27. Bg2 Bxg2 28. Rxe8 Rxe8 29. Nxg2 d3 30. Qxc7 Bd4+ 31. Kh1 d2 0-1

[Event "Al Ain U20 op 1st"]
[Site "Al Ain"]
[Date "2018.01.05"]
[Round "9"]
[White "Sebt Rasoul, Seyede Setare"]
[Black "Mousavi, Seyed Khalil"]
[Result "0-1"]
[WhiteElo "1953"]
[BlackElo "2459"]
[PlyCount "78"]
[EventDate "2017.12.30"]
[EventType "swiss"]
[EventRounds "9"]
[EventCountry "UAE"]
[SourceTitle "CBM 182 Extra"]
[Source "ChessBase"]
[SourceDate "2018.02.23"]
[SourceVersion "1"]
[SourceVersionDate "2018.02.23"]
[SourceQuality "1"]

1. e4 e6 2. d4 d5 3. Nd2 a6 4. c3 c5 5. Ngf3 Nc6 6. Bd3 cxd4 7. cxd4 dxe4 8. Nxe4 Bb4+ 9. Nc3 Nf6 10. 0-0 0-0 11. Bg5 Be7 12. Rc1 Nb4 13. Bb1 b5 14. a3 Nbd5 15. Qd3 g6 16. Bh6 Re8 17. Nxd5 Qxd5 18. Ne5 Bb7 19. f3 Qd6 20. Bf4 Qb6 21. Kh1 Rad8 22. Rfd1 Nd5 23. Bg3 Bg5 24. Rc5 Ne3 25. Re1 Nf5 26. Bf2 h5 27. Qc3 Bd2 28. Qxd2 Qxc5 29. Bxf5 exf5 30. Qg5 Qd6 31. Rc1 Rc8 32. h3 Rxc1+ 33. Qxc1 Rc8 34. Qd2 Qc7 35. Be3 Bd5 36. Bh6 Kh7 37. Bf4 Qc2 38. Qb4 Qf2 39. Nxg6 Rc2 0-1

[Event "Al Ain U20 op 1st"]
[Site "Al Ain"]
[Date "2018.01.04"]
[Round "7"]
[White "Davtyan, Artur"]
[Black "Sebt Rasoul, Seyede Setare"]
[Result "1-0"]
[WhiteElo "2305"]
[BlackElo "1953"]
[PlyCount "63"]
[EventDate "2017.12.30"]
[EventType "swiss"]
[EventRounds "9"]
[EventCountry "UAE"]
[SourceTitle "CBM 182 Extra"]
[Source "ChessBase"]
[SourceDate "2018.02.23"]
[SourceVersion "1"]
[SourceVersionDate "2018.02.23"]
[SourceQuality "1"]

1. d4 Nf6 2. c4 g6 3. Nc3 Bg7 4. g3 0-0 5. Bg2 d6 6. Nf3 Nc6 7. 0-0 e5 8. d5 Ne7 9. e4 Nd7 10. a3 a5 11. Be3 h6 12. Ne1 f5 13. Nd3 Nf6 14. f3 g5 15. c5 f4 16. Bf2 g4 17. gxf4 exf4 18. Nxf4 Nxe4 19. Nxe4 Rxf4 20. Bg3 Rf8 21. fxg4 Rxf1+ 22. Qxf1 dxc5 23. Nf6+ Kh8 24. Re1 Qf8 25. Be5 Ra6 26. Nh5 Qxf1+ 27. Bxf1 Bxe5 28. Rxe5 Rg6 29. Rxe7 Bxg4 30. Ng3 Rd6 31. Ne4 Rxd5 32. Nf6 1-0

[Event "Al Ain U20 op 1st"]
[Site "Al Ain"]
[Date "2017.12.31"]
[Round "3"]
[White "Mosadeghpour, Masoud"]
[Black "Sebt Rasoul, Seyede Setare"]
[Result "1-0"]
[WhiteElo "2503"]
[BlackElo "1953"]
[PlyCount "63"]
[EventDate "2017.12.30"]
[EventType "swiss"]
[EventRounds "9"]
[EventCountry "UAE"]
[SourceTitle "CBM 182 Extra"]
[Source "ChessBase"]
[SourceDate "2018.02.23"]
[SourceVersion "1"]
[SourceVersionDate "2018.02.23"]
[SourceQuality "1"]

1. e4 c5 2. Nf3 e6 3. d4 cxd4 4. Nxd4 a6 5. Nc3 Qc7 6. Bd3 Nf6 7. f4 b5 8. e5 b4 9. Ncb5 axb5 10. exf6 gxf6 11. Qh5 Bb7 12. Be3 Rg8 13. Rg1 b3 14. Nxb5 Qc6 15. a3 Na6 16. Nd4 Qc7 17. Nxb3 f5 18. Qxh7 Rxg2 19. Rxg2 Bxg2 20. Qh8 Qb7 21. 0-0-0 Bd5 22. Nc5 Nxc5 23. Bxc5 d6 24. Bxd6 Kd7 25. Bxf8 Qb8 26. c4 Qxf4+ 27. Kb1 Qg4 28. Rd2 Qf4 29. cxd5 Qxd2 30. Bb5+ Kc7 31. Qe5+ Kc8 32. dxe6 1-0

[Event "IRI-ch (Women)"]
[Site "Tehran"]
[Date "2017.11.08"]
[Round "9"]
[White "Hamedi Nia, Vesal"]
[Black "Sebt Rasoul, Seyede Setare"]
[Result "1/2-1/2"]
[WhiteElo "1914"]
[BlackElo "1931"]
[PlyCount "74"]
[EventDate "2017.11.02"]
[EventType "swiss"]
[EventRounds "9"]
[EventCountry "IRI"]
[SourceTitle "CBM 181 Extra"]
[Source "ChessBase"]
[SourceDate "2017.12.12"]
[SourceVersion "1"]
[SourceVersionDate "2017.12.12"]
[SourceQuality "1"]

1. d4 Nf6 2. c4 g6 3. Nc3 Bg7 4. Nf3 0-0 5. Bg5 h6 6. Bh4 d6 7. e3 c5 8. Be2 g5 9. Bg3 Qb6 10. Qd2 Bf5 11. Bd3 Bxd3 12. Qxd3 Nc6 13. dxc5 Qxb2 14. Rb1 Nb4 15. Qd2 Qxd2+ 16. Kxd2 dxc5 17. a3 Nc6 18. Rxb7 Na5 19. Rxe7 Nxc4+ 20. Ke2 Nxa3 21. Ne5 Nh5 22. Ra1 Nxg3+ 23. hxg3 Nc2 24. Rc1 Bf6 25. Nd5 Bxe7 26. Nxe7+ Kh7 27. Rxc2 Rfe8 28. N5c6 a5 29. Rxc5 a4 30. Rc2 a3 31. Ra2 Ra6 32. Nb4 Rb8 33. Ned5 Ra4 34. Kd3 Raxb4 35. Nxb4 Rxb4 36. Kc3 Rb1 37. Rxa3 Rg1 1/2-1/2

[Event "IRI-ch (Women)"]
[Site "Tehran"]
[Date "2017.11.05"]
[Round "5"]
[White "Asgharzadeh, Mitra"]
[Black "Sebt Rasoul, Seyede Setare"]
[Result "0-1"]
[WhiteElo "2026"]
[BlackElo "1931"]
[PlyCount "62"]
[EventDate "2017.11.02"]
[EventType "swiss"]
[EventRounds "9"]
[EventCountry "IRI"]
[SourceTitle "CBM 181 Extra"]
[Source "ChessBase"]
[SourceDate "2017.12.12"]
[SourceVersion "1"]
[SourceVersionDate "2017.12.12"]
[SourceQuality "1"]

1. d4 Nf6 2. Nf3 g6 3. Bf4 Bg7 4. e3 d6 5. Be2 0-0 6. h3 Nfd7 7. 0-0 Nc6 8. c3 e5 9. Bh2 f5 10. b4 e4 11. Nfd2 Nf6 12. Qb3+ Kh8 13. a4 g5 14. a5 a6 15. Re1 Bh6 16. Bf1 g4 17. hxg4 Nxg4 18. Bg3 d5 19. c4 f4 20. exf4 Nxd4 21. Qc3 Bg7 22. Qc1 e3 23. f3 exd2 24. Nxd2 Nf5 25. fxg4 Nxg3 26. Nf3 Bxg4 27. Ne5 Qh4 28. Bd3 Bh5 29. cxd5 Rxf4 30. Nf3 Bxf3 31. gxf3 Qh1+ 0-1

[Event "IRI-ch (Women)"]
[Site "Tehran"]
[Date "2017.11.05"]
[Round "6"]
[White "Sebt Rasoul, Seyede Setare"]
[Black "Hashemi, Seyede Fatemeh"]
[Result "1/2-1/2"]
[WhiteElo "1931"]
[BlackElo "1826"]
[PlyCount "99"]
[EventDate "2017.11.02"]
[EventType "swiss"]
[EventRounds "9"]
[EventCountry "IRI"]
[SourceTitle "CBM 181 Extra"]
[Source "ChessBase"]
[SourceDate "2017.12.12"]
[SourceVersion "1"]
[SourceVersionDate "2017.12.12"]
[SourceQuality "1"]

1. e4 c5 2. Nf3 e6 3. d4 cxd4 4. Nxd4 a6 5. Bd3 Nf6 6. Qe2 Qc7 7. Nc3 d6 8. f4 Be7 9. g4 Nc6 10. Nb3 b5 11. g5 Nd7 12. Bd2 Nc5 13. 0-0 b4 14. Nd1 h6 15. Qh5 g6 16. Qh4 Bb7 17. a3 0-0-0 18. axb4 hxg5 19. Qf2 Nxd3 20. cxd3 gxf4 21. Bxf4 Bh4 22. Qd2 f5 23. Nc3 e5 24. Be3 f4 25. Bf2 Bg5 26. Qe2 Qd7 27. Bb6 Rdf8 28. Nd2 Bd8 29. Nd5 Kb8 30. Bxd8 Qxd8 31. Qg2 Rh5 32. Nf3 g5 33. Kf2 Bc8 34. b5 g4 35. bxc6 gxf3 36. Kxf3 Qh4 37. c7+ Kb7 38. Ra3 Qh3+ 39. Qxh3 Rxh3+ 40. Kg2 f3+ 41. Kh1 f2 42. Kg2 Rhf3 43. Rb3+ Ka7 44. Ne7 Bh3+ 45. Kh1 a5 46. Nc6+ Ka6 47. Nb8+ Ka7 48. Nc6+ Ka6 49. Nb8+ Ka7 50. Nc6+ 1/2-1/2

[Event "IRI-ch (Women)"]
[Site "Tehran"]
[Date "2017.11.03"]
[Round "3"]
[White "Mobarhani, Nazanin"]
[Black "Sebt Rasoul, Seyede Setare"]
[Result "0-1"]
[WhiteElo "1852"]
[BlackElo "1931"]
[PlyCount "74"]
[EventDate "2017.11.02"]
[EventType "swiss"]
[EventRounds "9"]
[EventCountry "IRI"]
[SourceTitle "CBM 181 Extra"]
[Source "ChessBase"]
[SourceDate "2017.12.12"]
[SourceVersion "1"]
[SourceVersionDate "2017.12.12"]
[SourceQuality "1"]

1. e4 c5 2. Nf3 e6 3. c3 d5 4. exd5 exd5 5. d4 Nf6 6. Bb5+ Bd7 7. Bxd7+ Nbxd7 8. 0-0 Be7 9. dxc5 Nxc5 10. Nd4 0-0 11. Nf5 Nce4 12. Nxe7+ Qxe7 13. Be3 a6 14. Nd2 Rac8 15. Nb3 Rfe8 16. h3 Qd7 17. Qf3 Nd6 18. Rfe1 Nc4 19. Rab1 Ne4 20. Qd1 Rc6 21. Nd2 Ncxd2 22. Bxd2 Rg6 23. Kf1 Ree6 24. Be3 Ref6 25. Qd4 Ng3+ 26. Kg1 Nf5 27. Qb4 h6 28. Rbd1 d4 29. cxd4 Qd5 30. f3 Qxf3 31. Qd2 Nxe3 32. Rxe3 Rxg2+ 33. Qxg2 Qxe3+ 34. Kh1 Rf2 35. Qg4 f5 36. Qg6 Qe2 37. Qg1 Qf3+ 0-1

[Event "IRI-chT 16th"]
[Site "Sari"]
[Date "2017.09.14"]
[Round "4.2"]
[White "Sebt Rasoul, Seyede Setare"]
[Black "Hejazipour, Mitra"]
[Result "1/2-1/2"]
[WhiteElo "1943"]
[BlackElo "2345"]
[PlyCount "42"]
[EventDate "2017.09.13"]
[EventType "team-swiss"]
[EventRounds "11"]
[EventCountry "IRI"]
[SourceTitle "CBM 180 Extra"]
[Source "ChessBase"]
[SourceDate "2017.10.06"]
[SourceVersion "1"]
[SourceVersionDate "2017.10.06"]
[SourceQuality "1"]
[WhiteTeam "Shiraz Darya Borj"]
[BlackTeam "Bandarabbas Azad Univ"]
[WhiteTeamCountry "IRI"]
[BlackTeamCountry "IRI"]

1. e4 c5 2. Nf3 d6 3. d4 cxd4 4. Nxd4 Nf6 5. Nc3 a6 6. f3 e5 7. Nb3 Be6 8. Be3 h5 9. Qd2 Nbd7 10. Nd5 Bxd5 11. exd5 g6 12. Be2 Qc7 13. Na5 Ng8 14. c4 Bh6 15. Bxh6 Nxh6 16. b4 Nf5 17. Nb3 b6 18. Bd3 a5 19. a4 axb4 20. Qxb4 Ne7 21. 0-0 g5 1/2-1/2

[Event "Asia zt 3.1 (Women)"]
[Site "Tehran"]
[Date "2017.07.06"]
[Round "8"]
[White "Sebt Rasoul, Seyede Setare"]
[Black "Asgharpourmasoleh, Tara"]
[Result "1/2-1/2"]
[WhiteElo "1787"]
[BlackElo "1773"]
[PlyCount "95"]
[EventDate "2017.06.30"]
[EventType "swiss"]
[EventRounds "9"]
[EventCountry "IRI"]
[SourceTitle "CBM 179 Extra"]
[Source "ChessBase"]
[SourceDate "2017.08.23"]
[SourceVersion "1"]
[SourceVersionDate "2017.08.23"]
[SourceQuality "1"]

1. e4 e5 2. Nf3 Nc6 3. Bc4 Nf6 4. d3 h6 5. c3 d6 6. h3 g6 7. 0-0 Bg7 8. Re1 0-0 9. Nbd2 a6 10. Bb3 Na5 11. Bc2 c5 12. Nf1 Nc6 13. a4 d5 14. exd5 Nxd5 15. Ne3 Kh7 16. Nc4 Qc7 17. a5 Bd7 18. Bb3 Be6 19. Ba4 Nde7 20. Bxc6 Nxc6 21. Nfd2 Rad8 22. Re3 f5 23. f4 e4 24. Qe1 Bxc4 25. Nxc4 Rxd3 26. Rxd3 exd3 27. Qe3 Nb4 28. Qf3 Nc2 29. Rb1 Re8 30. Bd2 Qd7 31. Nb6 Qb5 32. Qxb7 Re2 33. Rd1 Qxb2 34. Qf3 Bxc3 35. Qxd3 Rxd2 36. Rxd2 Bxd2 37. Qd7+ Qg7 38. Qxd2 Qd4+ 39. Qxd4 Nxd4 40. Kf2 Nc6 41. Nd7 c4 42. Nc5 Nxa5 43. Nxa6 g5 44. Nb4 Kg6 45. Nd5 Kf7 46. Kf3 Ke6 47. Nc3 Nc6 48. g3 1/2-1/2

[Event "Asia zt 3.1 (Women)"]
[Site "Tehran"]
[Date "2017.07.04"]
[Round "5"]
[White "Sebt Rasoul, Seyede Setare"]
[Black "Asadi, Motahare"]
[Result "1-0"]
[WhiteElo "1787"]
[BlackElo "1967"]
[PlyCount "43"]
[EventDate "2017.06.30"]
[EventType "swiss"]
[EventRounds "9"]
[EventCountry "IRI"]
[SourceTitle "CBM 179 Extra"]
[Source "ChessBase"]
[SourceDate "2017.08.23"]
[SourceVersion "1"]
[SourceVersionDate "2017.08.23"]
[SourceQuality "1"]

1. e4 c5 2. Nf3 e6 3. d4 cxd4 4. Nxd4 a6 5. Bd3 Qb6 6. Nb3 Qc7 7. Qe2 b5 8. a4 b4 9. f4 Bb7 10. 0-0 d5 11. e5 Nc6 12. N1d2 g5 13. Nf3 gxf4 14. Bxf4 Bg7 15. Bg3 Nh6 16. Rae1 Ne7 17. Ng5 Nef5 18. Bxf5 Nxf5 19. Rxf5 exf5 20. e6 Qb6+ 21. Bf2 d4 22. exf7+ 1-0

[Event "Asia zt 3.1 (Women)"]
[Site "Tehran"]
[Date "2017.07.03"]
[Round "4"]
[White "Sebt Rasoul, Seyede Setare"]
[Black "Khademalsharieh, Sarasadat"]
[Result "0-1"]
[WhiteElo "1787"]
[BlackElo "2437"]
[PlyCount "104"]
[EventDate "2017.06.30"]
[EventType "swiss"]
[EventRounds "9"]
[EventCountry "IRI"]
[SourceTitle "CBM 179 Extra"]
[Source "ChessBase"]
[SourceDate "2017.08.23"]
[SourceVersion "1"]
[SourceVersionDate "2017.08.23"]
[SourceQuality "1"]

1. e4 e5 2. Nf3 Nc6 3. Bc4 Nf6 4. d3 h6 5. c3 d6 6. h3 g6 7. Be3 Bg7 8. Qd2 Qe7 9. 0-0 a6 10. Re1 g5 11. Qd1 Bd7 12. Nbd2 Na5 13. Bb3 Nxb3 14. Qxb3 Bc8 15. d4 0-0 16. d5 g4 17. hxg4 Nxg4 18. Nh2 Nxe3 19. Rxe3 Kh7 20. Rf3 b6 21. Qc2 Qg5 22. Qd1 f5 23. Rg3 Qh4 24. Nhf3 Qe7 25. exf5 Bxf5 26. Nc4 Kh8 27. Ne3 Bh7 28. Qd2 Rf4 29. Rg4 Raf8 30. Rxf4 Rxf4 31. Re1 h5 32. Qe2 a5 33. g3 Rf8 34. Ng2 Bf6 35. Kh2 Qf7 36. Ng1 Qxd5 37. Qxh5 Qxa2 38. Re2 Qc4 39. Ne3 Qd3 40. Qg4 Bg6 41. Qh3+ Kg7 42. Qd7+ Rf7 43. Qg4 Qe4 44. f4 exf4 45. gxf4 Bd8 46. Nh3 Kf8 47. Qc8 Qe8 48. Qg4 Re7 49. Qg3 Be4 50. Qe1 Bd3 51. Rg2 Rxe3 52. Qg1 Rxh3+ 0-1

[Event "Asia zt 3.1 (Women)"]
[Site "Tehran"]
[Date "2017.06.30"]
[Round "1"]
[White "Alijanzadeh, Mohadeseh"]
[Black "Sebt Rasoul, Seyede Setare"]
[Result "0-1"]
[WhiteElo "1957"]
[BlackElo "1787"]
[PlyCount "100"]
[EventDate "2017.06.30"]
[EventType "swiss"]
[EventRounds "9"]
[EventCountry "IRI"]
[SourceTitle "CBM 179 Extra"]
[Source "ChessBase"]
[SourceDate "2017.08.23"]
[SourceVersion "1"]
[SourceVersionDate "2017.08.23"]
[SourceQuality "1"]

1. e4 c5 2. Nf3 Nc6 3. g3 e6 4. Bg2 a6 5. 0-0 Qc7 6. c3 Nf6 7. Re1 d5 8. exd5 Nxd5 9. d4 cxd4 10. Nxd4 Nxd4 11. Qxd4 Nf6 12. Bf4 Qc5 13. Qd3 Be7 14. Nd2 0-0 15. Nb3 Qb6 16. Be5 Nd7 17. Bd4 Qc7 18. Qe2 Rb8 19. Rad1 Bd6 20. f4 b5 21. Qh5 Bb7 22. Qg4 e5 23. Ba7 Ra8 24. Bxb7 Rxa7 25. Bg2 Nf6 26. Qf5 exf4 27. gxf4 Bxf4 28. Rd4 Bxh2+ 29. Kh1 Bg3 30. Re3 h5 31. Nd2 Ng4 32. Re2 g6 33. Qg5 Kg7 34. Nf3 f6 35. Qd2 Rf7 36. Qc2 Re7 37. Rxe7+ Qxe7 38. Qd2 Nf2+ 39. Kg1 Ne4 40. Qe2 Bf2+ 41. Qxf2 Nxf2 42. Kxf2 Rd7 43. Rxd7 Qxd7 44. Nd4 h4 45. Bf3 Qh3 46. Ne2 g5 47. Bb7 g4 48. Bxa6 g3+ 49. Ke1 Qh1+ 50. Kd2 Qc6 0-1

[Event "Asia-ch U20 Girls"]
[Site "Shiraz"]
[Date "2017.05.03"]
[Round "1"]
[White "Sebt Rasoul, Seyede Setare"]
[Black "Isha, Sharma"]
[Result "0-1"]
[WhiteElo "1745"]
[BlackElo "2084"]
[PlyCount "138"]
[EventDate "2017.05.03"]
[EventType "swiss"]
[EventRounds "9"]
[EventCountry "IRI"]
[SourceTitle "CBM 178 Extra"]
[Source "ChessBase"]
[SourceDate "2017.06.22"]
[SourceVersion "1"]
[SourceVersionDate "2017.06.22"]
[SourceQuality "1"]

1. e4 e6 2. d4 d5 3. Nd2 c5 4. exd5 Qxd5 5. Ngf3 Nf6 6. Bc4 Qd6 7. 0-0 cxd4 8. Nb3 Qc7 9. Qe2 Be7 10. Nbxd4 a6 11. a4 0-0 12. Bb3 b6 13. Re1 Nc6 14. Nxc6 Qxc6 15. Ne5 Qc5 16. Nd3 Qf5 17. c3 Bb7 18. Bc2 Qd5 19. f3 Rac8 20. Be3 Qc6 21. Ne5 Qc7 22. Bf2 Bd6 23. Bd4 Rfd8 24. Rad1 Bc5 25. Bxc5 Qxc5+ 26. Kh1 b5 27. Bb3 Ne4 28. Ng4 Nd6 29. Ne5 bxa4 30. Bxa4 Bd5 31. Bc2 Bc4 32. Nxc4 Nxc4 33. Bd3 Nd6 34. Bxa6 Rb8 35. Rb1 Rb6 36. Rec1 Qh5 37. Bd3 Ne8 38. c4 Rbd6 39. Rd1 Qg5 40. b4 Nf6 41. b5 Nh5 42. g3 Qh6 43. Kg2 Qg5 44. Kh1 Qh6 45. Kg1 Qg5 46. Kf1 Qc5 47. Bc2 Rxd1+ 48. Rxd1 Rc8 49. Qd3 g6 50. Bb3 Ng7 51. Qd7 Nf5 52. Rd3 Ra8 53. Ke2 Qg1 54. Qd8+ Rxd8 55. Rxd8+ Kg7 56. Kd2 Qe3+ 57. Kc2 Nd4+ 58. Rxd4 Qxd4 59. Ba2 f5 60. Kb3 e5 61. Bb1 e4 62. fxe4 fxe4 63. Bxe4 Qxe4 64. Kb4 Kf6 65. Ka5 Qa8+ 66. Kb6 Qb8+ 67. Ka6 Ke6 68. c5 Kd5 69. c6 Kc5 0-1

[Event "Wch U12 Girls"]
[Site "Batumi"]
[Date "2016.10.26"]
[Round "7"]
[White "Sebt Rasoul, Seyede Setare"]
[Black "Tsotsonava, Elene"]
[Result "1-0"]
[WhiteElo "1803"]
[BlackElo "1394"]
[PlyCount "53"]
[EventDate "2016.10.19"]
[EventType "swiss"]
[EventRounds "11"]
[EventCountry "GEO"]
[SourceTitle "EXT 2018"]
[Source "ChessBase"]
[SourceDate "2017.10.13"]
[SourceVersion "1"]
[SourceVersionDate "2017.10.13"]
[SourceQuality "1"]

1. e4 c5 2. Nf3 d6 3. d4 cxd4 4. Nxd4 Nf6 5. Nc3 g6 6. Be3 Bg7 7. f3 0-0 8. Qd2 Nc6 9. g4 Be6 10. Nxe6 fxe6 11. 0-0-0 Ne5 12. Be2 Qc8 13. h4 Nfd7 14. Bd4 Nxf3 15. Bxf3 Rxf3 16. Bxg7 Kxg7 17. h5 Qf8 18. Ne2 Nc5 19. hxg6 hxg6 20. Nd4 Rf2 21. Qh6+ Kf7 22. Qe3 Kg8 23. Nf5 Nxe4 24. Qxe4 exf5 25. Qd4 Rxc2+ 26. Kxc2 Rc8+ 27. Kb1 1-0

[Event "Wch U12 Girls"]
[Site "Batumi"]
[Date "2016.10.23"]
[Round "5"]
[White "Sebt Rasoul, Seyede Setare"]
[Black "Desai, Nilomi"]
[Result "0-1"]
[WhiteElo "1803"]
[BlackElo "1524"]
[PlyCount "47"]
[EventDate "2016.10.19"]
[EventType "swiss"]
[EventRounds "11"]
[EventCountry "GEO"]
[SourceTitle "EXT 2018"]
[Source "ChessBase"]
[SourceDate "2017.10.13"]
[SourceVersion "1"]
[SourceVersionDate "2017.10.13"]
[SourceQuality "1"]

1. e4 c6 2. d4 d5 3. exd5 cxd5 4. Bd3 Nc6 5. c3 Nf6 6. Bf4 g6 7. h3 Bf5 8. Bxf5 gxf5 9. Nf3 e6 10. Nbd2 Bg7 11. Qe2 Qb6 12. Rb1 0-0 13. 0-0 a6 14. Kh1 Qa7 15. Qe3 Kh8 16. Ng5 h6 17. Ngf3 Kh7 18. Qe2 b5 19. a3 Ne4 20. Rbe1 Qb7 21. Rg1 Nxd2 22. Qxd2 Rg8 23. g4 fxg4 24. Rxg4 0-1

[Event "Asian Schools-ch 12th U13 Girls"]
[Site "Tehran"]
[Date "2016.07.12"]
[Round "3.2"]
[White "Mahdian, Anousha"]
[Black "Sebt Rasoul, Seyede Setare"]
[Result "0-1"]
[WhiteElo "1822"]
[BlackElo "1790"]
[PlyCount "196"]
[EventDate "2016.07.11"]
[EventType "swiss"]
[EventRounds "9"]
[EventCountry "IRI"]
[SourceTitle "EXT 2024"]
[Source "ChessBase"]
[SourceDate "2023.10.10"]
[SourceVersion "1"]
[SourceVersionDate "2023.10.10"]
[SourceQuality "1"]

1. d4 Nf6 2. c4 g6 3. f3 Bg7 4. e4 d6 5. Nc3 0-0 6. Bg5 c5 7. d5 e6 8. Qd2 exd5 9. cxd5 a6 10. a4 Nbd7 11. Nh3 Qa5 12. Ra2 Ne5 13. Nf2 Qc7 14. a5 Rb8 15. Be2 Ne8 16. Bh6 Bxh6 17. Qxh6 Qe7 18. Qe3 f5 19. f4 Nf7 20. Nfd1 Ng7 21. exf5 Nxf5 22. Qxe7 Nxe7 23. Ne3 Nh6 24. 0-0 Nhf5 25. Nc4 Rd8 26. Bd3 Bd7 27. Re1 Kf8 28. Nb6 Be8 29. g4 Nd4 30. Kf2 Bf7 31. Be4 Ng8 32. Ne2 Nb5 33. g5 Ne7 34. Rd1 Kg7 35. Nc4 Re8 36. Ne3 Nc6 37. Bd3 Nbd4 38. Bc4 Nb4 39. Nxd4 cxd4 40. Rxd4 Nxa2 41. Bxa2 Rbd8 42. Rb4 Rd7 43. Rd4 Rde7 44. Rd3 Re4 45. Nc4 Rd8 46. Kf3 Re7 47. b4 Re1 48. Bb3 Kf8 49. h3 Rb1 50. Nd2 Re1 51. Ne4 Be8 52. Nf6 Re7 53. Re3 Rxe3+ 54. Kxe3 Rc8 55. Kd4 Kg7 56. Ne4 Rd8 57. Bc4 Kf7 58. h4 Ba4 59. Nf6 h6 60. Bd3 hxg5 61. hxg5 Rh8 62. Ne4 Ke7 63. Nc3 Be8 64. Ke4 Rh3 65. Kd4 Rh4 66. Ke3 Rh2 67. Kd4 Rb2 68. Kc4 Rf2 69. Kd4 Rxf4+ 70. Ne4 Rg4 71. Ke3 Bf7 72. Kd4 Rh4 73. b5 axb5 74. Bxb5 Rh1 75. Nc3 Rg1 76. a6 bxa6 77. Bxa6 Rxg5 78. Bd3 Rg1 79. Be4 g5 80. Bd3 g4 81. Ne2 Rd1 82. Ke3 Bxd5 83. Bf5 Be6 84. Bxe6 Kxe6 85. Kf4 Rd2 86. Ng3 Rd4+ 87. Ke3 Ke5 88. Nf1 Ra4 89. Ke2 Ra2+ 90. Ke3 Ra3+ 91. Kf2 Rf3+ 92. Kg2 Rxf1 93. Kxf1 Kf4 94. Kf2 g3+ 95. Kg2 Kg4 96. Kg1 Kf3 97. Kf1 g2+ 98. Kg1 d5 0-1

[Event "Asia-ch U12 Girls"]
[Site "Ulaanbaatar"]
[Date "2016.04.07"]
[Round "2"]
[White "Sebt Rasoul, Seyede Setare"]
[Black "Tsetsenbileg, Munkhbayar"]
[Result "0-1"]
[WhiteElo "1774"]
[BlackElo "1473"]
[PlyCount "114"]
[EventDate "2016.04.06"]
[EventType "swiss"]
[EventRounds "9"]
[EventCountry "MGL"]
[SourceTitle "EXT 2017"]
[Source "ChessBase"]
[SourceDate "2016.10.25"]
[SourceVersion "1"]
[SourceVersionDate "2016.10.25"]
[SourceQuality "1"]

1. e4 c5 2. Nf3 d6 3. d4 cxd4 4. Nxd4 Nc6 5. Nc3 e6 6. Be3 Nf6 7. f3 Be7 8. Qd2 0-0 9. g4 a6 10. h4 e5 11. Nf5 b5 12. h5 Be6 13. g5 Ne8 14. Rg1 Qd7 15. Bh3 Nc7 16. g6 Bh4+ 17. Bf2 Bxf2+ 18. Qxf2 fxg6 19. hxg6 h6 20. Bg4 Ne7 21. Nxe7+ Qxe7 22. Bxe6+ Qxe6 23. 0-0-0 b4 24. Nd5 Nxd5 25. Rxd5 Rf6 26. Qg2 Raf8 27. Qe2 Rxg6 28. Rxg6 Qxg6 29. Qxa6 Rxf3 30. Qc4 Qg5+ 31. Kb1 Kh7 32. b3 Qg1+ 33. Kb2 Qe1 34. Rb5 Qc3+ 35. Qxc3 bxc3+ 36. Ka3 Rf2 37. Rd5 Rxc2 38. Rd3 g5 39. b4 g4 40. b5 Rb2 41. Rxc3 Rxb5 42. Rg3 h5 43. Ka4 Rb8 44. a3 Kg6 45. Ka5 Kg5 46. a4 h4 47. Rg1 h3 48. Rh1 Kh4 49. Ka6 g3 50. Rf1 g2 51. Rf7 g1Q 52. Rh7+ Kg3 53. Rg7+ Kf2 54. Rxg1 Kxg1 55. a5 h2 56. Ka7 Rh8 57. a6 h1Q 0-1